Statistics for 10 Largest Cities in Mali

Click here to take the quiz!

General Stats

  • This quiz has been taken 58 times
  • The average score is 4 of 10

Answer Stats

PopulationCity% Correct
1,810,366Bamako
100%
86,353Gao
61%
120,786Mopti
50%
126,319Kayes
39%
266,618Sikasso
39%
133,501Ségou
33%
141,444Koutiala
28%
66,967San
22%
96,173Kalabancoro
11%
84,500Kati
11%

Score Distribution

Percentile by Number Answered

Percent of People with Each Score

Your Score History

You have not taken this quiz